|
|
|
|
| LEADER |
02382nam a2200577 i 4500 |
| 001 |
nkc20213367354 |
| 003 |
CZ PrNK |
| 005 |
20240405123408.0 |
| 007 |
ta |
| 008 |
211018s2021 xr ach e c 000 0dcze |
| 015 |
|
|
|a cnb003367354
|
| 020 |
|
|
|a 978-80-907493-2-0
|q (brožováno)
|
| 040 |
|
|
|a BOA001
|b cze
|e rda
|
| 041 |
0 |
|
|a cze
|b eng
|b ger
|
| 043 |
|
|
|a e-xr---
|
| 045 |
|
|
|a w-x-
|
| 072 |
|
7 |
|a 72/76
|x Výtvarné umění
|2 Konspekt
|9 21
|
| 080 |
|
|
|a 72/76(437.3)
|2 MRF
|
| 080 |
|
|
|a 7.036/.038
|2 MRF
|
| 080 |
|
|
|a (437.3)
|2 MRF
|
| 080 |
|
|
|a (083.824)
|2 MRF
|
| 100 |
1 |
|
|a Podhajská, Minka,
|d 1881-1963
|7 jk01100190
|4 art
|
| 245 |
1 |
0 |
|a Minka Podhajská /
|c autoři textů Eva Bendová, Tomáš Hejtmánek, Jiří Hořava, David Chaloupka, Marie Míčová, Eva Neumannová
|
| 246 |
3 |
|
|i Název v tiráži:
|a Minka Podhajská (1881-1963)
|
| 264 |
|
1 |
|a Praha :
|b Arthouse Hejtmánek,
|c [2021]
|
| 300 |
|
|
|a 227 stran :
|b ilustrace (převážně barevné), portréty, faksimile ;
|c 27 cm
|
| 336 |
|
|
|a text
|b txt
|2 rdacontent
|
| 336 |
|
|
|a statický obraz
|b sti
|2 rdacontent
|
| 337 |
|
|
|a bez média
|b n
|2 rdamedia
|
| 338 |
|
|
|a svazek
|b nc
|2 rdacarrier
|
| 500 |
|
|
|a Publikace vydaná k výstavě pořádané galerií a aukčním domem Arthouse Hejtmánek 10.9.2021-10.10.2021
|
| 500 |
|
|
|a Životopisná data a přehled výstav
|
| 504 |
|
|
|a Obsahuje bibliografii a bibliografické odkazy
|
| 546 |
|
|
|a Anglické a německé resumé
|
| 600 |
1 |
7 |
|a Podhajská, Minka,
|d 1881-1963
|7 jk01100190
|2 czenas
|
| 648 |
|
7 |
|a 19.-20. století
|7 ch757015
|2 czenas
|
| 650 |
0 |
7 |
|a české výtvarné umění
|7 ph116865
|y 19.-20. století
|2 czenas
|
| 650 |
0 |
7 |
|a moderní umění
|7 ph115340
|z Česko
|2 czenas
|
| 655 |
|
7 |
|a katalogy výstav
|7 fd132536
|2 czenas
|
| 700 |
1 |
|
|a Bendová, Eva,
|d 1976-
|7 xx0076089
|4 wfw
|
| 700 |
1 |
|
|a Hejtmánek, Tomáš,
|d 1967-
|7 ola2015894515
|4 wfw
|
| 700 |
1 |
|
|a Hořava, Jiří,
|d 1951-
|7 ola2014845920
|4 wfw
|
| 700 |
1 |
|
|a Chaloupka, David,
|d 1965-
|7 xx0001765
|4 wfw
|
| 700 |
1 |
|
|a Míčová, Marie
|7 jo20211103637
|4 wfw
|
| 700 |
1 |
|
|a Neumannová, Eva,
|d 1953-
|7 kup19950000070046
|4 wfw
|
| 710 |
2 |
|
|a Arthouse Hejtmánek (galerie : Praha, Česko)
|7 olak2015894529
|4 orm
|4 isb
|
| 910 |
2 |
|
|a BOA001
|b 3-1472.815
|
| 990 |
|
|
|a BK
|
| 995 |
|
|
|a 60
|
| 991 |
|
|
|b 202110
|c NOV
|
| 996 |
6 |
|
|b 2610882795
|c 3-1472.815
|l MZK
|r Sklad / do 1 hodiny
|n 3
|p p.v.
|w 001866849
|u 000010
|a 1
|e BOA001
|j MZK50
|s P
|